Collectors & Collections (Record no. 4556)

MARC details
000 -CABECERA
campo de control de longitud fija 00854nam a2200253 a 4500
001 - NÚMERO DE CONTROL
campo de control BRCA_4862
005 - FECHA Y HORA DE LA ÚLTIMA TRANSACCIÓN
campo de control 20190320204832.0
008 - DATOS DE LONGITUD FIJA--INFORMACIÓN GENERAL
campo de control de longitud fija 071010s1977----uk-a######---#000-0#eng-#
020 ## - NÚMERO INTERNACIONAL ESTÁNDAR DEL LIBRO
Número Internacional Estándar del Libro 0714100560
041 ## - CÓDIGO DE LENGUA
Código de lengua del texto/banda sonora o título independiente eng
044 ## - CÓDIGO DEL PAÍS DE LA ENTIDAD EDITORA/PRODUCTORA
Código MARC del país Uk
050 #4 - SIGNATURA TOPOGRÁFICA DE LA BIBLIOTECA DEL CONGRESO
Número de clasificación ND1053
Número de documento/Ítem .B75 1977
245 10 - MENCIÓN DE TÍTULO
Título Collectors & Collections
Mención de responsabilidad, etc. edited by Richard Camber ; designed by Bernard Crossland.
260 ## - PUBLICACIÓN, DISTRIBUCIÓN, ETC.
Lugar de publicación, distribución, etc. Gran Bretaña
Nombre del editor, distribuidor, etc. The Trustees of the British Museum
Fecha de publicación, distribución, etc. 1977
300 ## - DESCRIPCIÓN FÍSICA
Extensión 276 p.
Otras características físicas il. (algunas a color)
Dimensiones 28 cm.
440 #0 - MENCIÓN DE SERIE/PUNTO DE ACCESO ADICIONAL--TÍTULO
Título The British Museum Yearbook
Designación de volumen o secuencia 2
9 (RLIN) 12298
500 ## - NOTA GENERAL
Nota general Incluye índice alfábetico
500 ## - NOTA GENERAL
Nota general Donación Dr. Héctor Rivero Borrell Vázquez
610 24 - PUNTO DE ACCESO ADICIONAL DE MATERIA--NOMBRE DE ENTIDAD CORPORATIVA
Nombre de entidad corporativa o nombre de jurisdicción como elemento de entrada British Museum
Subdivisión de forma Catálogos
Subdivisión general arte e historia
9 (RLIN) 12299
700 1# - PUNTO DE ACCESO ADICIONAL--NOMBRE DE PERSONA
Nombre de persona Camber, Richard
Término indicativo de función/relación Editor
9 (RLIN) 12300
700 1# - PUNTO DE ACCESO ADICIONAL--NOMBRE DE PERSONA
Nombre de persona Crossland, Bernard
Término indicativo de función/relación Diseñador
9 (RLIN) 12301
902 ## - CATALOGADOR
Iniciales DHR
942 ## - ELEMENTOS DE PUNTO DE ACCESO ADICIONAL (KOHA)
Fuente del sistema de clasificación o colocación Library of Congress Classification
Tipo de ítem Koha Libros
Holdings
Estado de retiro Estado de pérdida Estado dañado No para préstamo Localización permanente Ubicación/localización actual Fecha de adquisición Total de préstamos Signatura topográfica completa Código de barras Fecha visto por última vez Precio válido a partir de Tipo de ítem Koha
El ejemplar forma parte de la colección y puede ser consultado según las políticas vigentes.       Biblioteca del Museo Franz Mayer (Rogerio Casas-Alatriste) Biblioteca del Museo Franz Mayer (Rogerio Casas-Alatriste) 13/10/2010   ND1053 .B75 1977 DHR00007 22/03/2019 22/03/2019 Libros